A cabana do pai Tomás (Registo nº 387)

Detalhes MARC
000 -Etiqueta do registo
Cabeçalho 00744nam0a2200241 4500
005 - Identificador da versão
Campo de controlo 20240821225340.0
010 ## - Número internacional normalizado dos livros (ISBN)
Número (ISBN) 9722216899
021 ## - Número do Depósito Legal
Código do país PT
Número 145958/00
100 ## - Dados gerais de processamento
Dados gerais de processamento 20160310d2000 de y0pory5003 ba
101 1# - Língua de publicação
Língua do texto, banda sonora, etc. Português
Língua do documento no original Inglês
102 ## - Pais de publicação ou produção
País de publicação Portugal
200 1# - Titulo e menção de responsabilidade
Título próprio A cabana do pai Tomás
Primeira menção de responsabilidade Harriet Beecher Stowe
Outras menções de responsabilidade versão portuguesa de Ricardo Alberty
210 ## - Publicação, Distribuição, etc. 
Lugar da edição, distribuição, etc. [Lisboa]
Nome do editor, distribuidor, etc. Verbo
Data da publicação, distribuição, etc. D. L. 2000
215 ## - Descrição física 
Indicação específica da natureza do documento e extensão da espécie 210, [1] p.
Outras indicações físicas il
225 2# - Colecção 
Título próprio da colecção O prazer de ler
Nome de uma parte ou secção Clássicos juvenis
Indicação de volume 10
606 ## - Nome comum usado como assunto
Número de registo de entrada de autoridade 0002097
Palavra de ordem Literatura americana
Subdivisão de assunto Romance
Código do sistema CA
675 ## - Classificação Decimal Universal (CDU)
Notação 821.111(73)-31
Edição 3ª ed.
Língua da edição por
700 ## - Nome de autor-pessoa física (responsabilidade principal)
Número de registo de entrada de autoridade 0000398
Palavra de ordem Stowe
Outra parte do nome não tomada para palavra de ordem Harriet Beecher
Datas 1811-1896
702 ## - Nome de autor-pessoa física (responsabilidade secundária)
Número de registo de entrada de autoridade 0000392
Palavra de ordem Alberty
Outra parte do nome não tomada para palavra de ordem Ricardo
Datas 1919-1992
Código de função Tradutor
942 ## - Elementos de entrada adicionados (Koha)
Tipo de item no Koha Livro
966 ## - Identificação da Biblioteca
Sigla EB2,3ENM
Exemplares
Situação do levantamento Origin of item (home branch) (coded) Biblioteca de empréstimo Código de barras Cota Circulation type (not for loan) Tipo de documento Nota do exemplar Damaged status
  Biblioteca Escolar Eng. Nuno Mergulhão Biblioteca Escolar Eng. Nuno Mergulhão BENM403 82LE-3 STO   Livro Sem mensagem